000 00738nam a22001817a 4500
999 _c551
_d551
005 20190821113906.0
008 190821b ||||| |||| 00| 0 eng d
020 _a9780439837095
040 _cKH8
082 _aFIC SON
100 _aSonnenblick, Jordan
245 _aZen and the art of faking it /
_cJordan Sonnenblick
260 _aNew York :
_b Scholastic,
_c[2010], ©2007.
300 _a264 pages ;
_c18 cm.
500 _aOriginally published: New York : Scholastic Press, 2007.
520 _aWhen San Lee moves to a new town and school for the umpteenth time, he is looking for a way to stand out when his knowledge of Zen Buddhism provides the answer--and the need to quickly become a convincing Zen master.
942 _2ddc
_cFIC